000 00946nmm a2200289 a 4500
001 ocm000782572
003 TR-IsHL
005 20201028152524.0
008 150709s2011 tu tur
007 cr cn
020 _a9786051003832
035 _a782572
_b(N$T)
050 0 4 _aPR4611.C3
_bA45 2011
090 0 4 _aPR4611.C3
_bA45 2011
100 1 _aCarrol, Lewis
245 1 0 _aAlice harikalar diyarında
_h[electronic resource] /
_cLewis Carrol ; yay. haz. İbrahim Faruk
250 _a1 bs.
260 _aİstanbul :
_bParıltı Yayıncılık,
_c2011
300 _a48 p.
650 4 _aDil ve Edebiyat
650 4 _aLanguage and Literature
650 0 _aİngiliz romanı
650 0 _aEnglish fiction
650 7 _aLITERARY COLLECTIONS / European / English, Irish, Scottish, Welsh
_2bisacsh
700 1 _aFaruk, İbrahim
856 4 0 _uhttp://search.ebscohost.com/login.aspx?direct=true&scope=site&db=e011xww&AN=782572
999 _c11570
_d11570